An Ansvver to the question vvhy may not the English assist the Svvede, as well as the Dutch do the Dane

Bibliographic Details
Format: eBook
Language:English
Published: London : [publisher not identified], 1658.
Series:Early English books online.
Subjects:
Online Access:Connect to the full text of this electronic book

MARC

Tag First Indicator Second Indicator Subfields
LEADER 00000nam a2200000Ia 4500
001 in00004293521
005 20200810080304.0
006 m g d
007 cr bn |||a|bb|
008 851008s1658 enk o 00| | eng d
035 |a (OCoLC)12647613 
040 |a EAA  |c EAA  |d WaOLN 
037 |a CL0037000010  |b ProQuest Information and Learning. 300 N. Zeeb Rd., Ann Arbor, MI 48106 
043 |a e-uk---  |a e-sw---  |a e-dk--- 
045 1 |b d1657  |b d1660 
049 |a UMIA 
245 0 3 |a An Ansvver to the question vvhy may not the English assist the Svvede, as well as the Dutch do the Dane 
260 |a London :  |b [publisher not identified],  |c 1658. 
300 |a 1 online resource ([3], 6 pages) 
336 |a text  |b txt  |2 rdacontent 
337 |a computer  |b c  |2 rdamedia 
338 |a online resource  |b cr  |2 rdacarrier 
500 |a Reproduction of original in Bodleian Library. 
510 4 |a Wing  |c A3439 
500 |a Imperfect: Some print show-through on film. 
533 |a Electronic reproduction.  |b Ann Arbor, Mich. :  |c UMI,  |d 1999-  |f (Early English books online)  |n Digital version of: (Early English books, 1641-1700 ; 340:26)  |7 s1999 miun s 
650 0 |a Dano-Swedish Wars, 1657-1660. 
651 0 |a Great Britain  |x Foreign relations  |z Sweden. 
651 0 |a Sweden  |x Foreign relations  |z Great Britain. 
740 0 |a Answer to the question why may not the English assist the Swede, as well as the Dutch do the Dane. 
830 0 |a Early English books online. 
856 4 0 |u http://proxy.library.tamu.edu/login?url=https://search.proquest.com/docview/2240971104  |z Connect to the full text of this electronic book  |t 0 
999 f f |s b0b7e9b8-b214-32d4-87f1-664301cab093  |i e5014a32-2641-3a21-9358-aabd38af89e0  |t 0 
952 f f |a Texas A&M University  |b College Station  |c Electronic Resources  |d Available Online  |t 0  |h No information provided 
998 f f |t 0  |l Available Online